| 000 | 00871nas a2200301 4500 | ||
|---|---|---|---|
| 001 | BR2013004117 | ||
| 003 | BR-BrBNA | ||
| 005 | 20231205122351.0 | ||
| 007 | ta | ||
| 008 | 230509b bl.|||p| |||| 00| 00por d | ||
| 040 |
_aBR-BrBNA _bpor _cBiblioteca Nacional de Agricultura |
||
| 041 | _a(Pt) | ||
| 072 | _aF30 | ||
| 100 | 1 | _aMorais, L.K. de | |
| 100 | 1 | _aMoura, M.F. | |
| 100 | 1 | _aVencovsky, R. | |
| 100 | 1 | _aPinheiro, J.B. | |
| 245 | 1 | _aAdaptabilidade e estabilidade fenotípica em soja avaliada pelo método de Toler | |
| 650 | _aSOJA | ||
| 650 | _aFENÓTIPO | ||
| 650 | _aGENÓTIPO | ||
| 650 | _aINTERAÇÃO GENÉTICA | ||
| 650 | _aMEIO AMBIENTE | ||
| 650 | _aPRODUTIVIDADE | ||
| 773 | 0 |
_tBragantia (Brazil) _xISSN 0006-8705 _g(apr-jun 2008), v. 67(2) p. 275-284 _wBR2013004117 |
|
| 909 |
_a202311 _bLúcia _c55 _dLúcia Elande |
||
| 942 |
_2AGRIS _n0 _cANA |
||
| 999 |
_c228288 _d228288 |
||